Most Populous Towns in Co. Kilkenny - Statistics

General Stats
  • This quiz has been taken 19 times
  • The average score is 5 of 10
Answer Stats
# Town Population % Correct
2 Kilkenny 27,184
94%
5 Thomastown 2,305
81%
4 Callan 2,678
69%
7 Castlecomer 1,496
56%
10 Mooncoin 1,184
44%
1 Waterford 60,079
38%
6 Graiguenamanagh-Tinnahinch 1,506
31%
3 New Ross 8,610
25%
8 Piltown 1,275
25%
9 Urlingford 1,196
25%
No matching quizzes found
Score Distribution
Percent of People with Each Score
Percentile by Number Answered
Your Score History
You have not taken this quiz